Gemeinden von Schärding - Statistiken

Allgemein
  • Dieses Quiz wurde 452 mal gespielt
  • Das Durchschnittsergebnis liegt bei 21 aus 30
Antworten auf der Karte
Die Antworten werden auf der Karte rot bzw. grün angezeigt, abhängig davon wie oft sie richtig erraten wurden.
 
Antwortstatistiken
Einwohner Gemeinde % Korrekt
5.220 Schärding
98%
5.204 Andorf
84%
1.468 Suben
81%
1.321 Eggerding
79%
924 Engelhartszell
78%
3.183 St. Florian am Inn
78%
2.019 Zell an der Pram
78%
1.048 Dorf an der Pram
75%
2.276 Raab
75%
2.002 Kopfing im Innkreis
74%
2.438 Schardenberg
74%
2.857 Esternberg
73%
1.548 St. Aegidi
71%
1.893 St. Marienkirchen bei Schärding
71%
1.526 Wernstein am Inn
70%
1.594 Diersbach
69%
2.560 Münzkirchen
69%
1.714 St. Roman
69%
2.894 Taufkirchen an der Pram
69%
1.774 Enzenkirchen
68%
2.072 Riedau
68%
619 Vichtenstein
68%
1.197 Waldkirchen am Wesen
67%
1.452 Freinberg
66%
2.073 Brunnenthal
65%
825 Sigharting
64%
1.094 St. Willibald
64%
1.485 Rainbach im Innkreis
58%
330 Mayrhof
53%
697 Altschwendt
50%
Keine übereinstimmenden Quizze gefunden
Verteilung der Resultate
Anzahl Personen mit jedem Resultat
Perzentil nach korrekt beantworteten Fragen
Ihre Resultats-Entwicklung
Sie haben dieses Quiz noch nicht gespielt